Bila kau kata cinta

Bibliographic Details
Main Author: Razlina Azura
Format: Book
Published: Bandar Tun Hussein Onn : Penulisan Enterprise. , 2016
Subjects:

MARC

LEADER 00000cam a2200000 7i4500
001 0000201764
005 20160629.0
020 |a 9789670992068 
090 0 0 |a F   |b RAZ 
100 0 |a Razlina Azura 
245 1 0 |a Bila kau kata cinta   |c Razlina Azura 
260 |a Bandar Tun Hussein Onn :   |b Penulisan Enterprise. ,   |c 2016 
300 |a 451p. ;   |c 18cm. 
650 0 0 |a Malay fiction 
999 |a 00327007   |b BUKU   |c PINJAMAN   |e PERPUSTAKAAN KOMUNITI PETALING JAYA 
999 |a 00327008   |b BUKU   |c PINJAMAN   |e PERPUSTAKAAN KOMUNITI PETALING JAYA 
999 |a 00327009   |b BUKU   |c PINJAMAN   |e PERPUSTAKAAN KOMUNITI CAW KOTA DAMANSARA 
999 |a 00327010   |b BUKU   |c PINJAMAN   |e PERPUSTAKAAN KOMUNITI CAW TAMAN MEDAN